Movies Quiz

Random Movies Quiz

Clickable Worst Lead Actor Razzie Winners Quiz Stats

 Plays Quiz not verified by Sporcle

Also try: Movie Kisses
Challenge
Share
Tweet
Embed
Score 0/15 Timer 01:30
0 Plays Today
% Correct
Adam Sandler
88.8%
Rob Schneider
82.5%
Eddie Murphy
81.3%
Pauly Shore
81.3%
John Travolta
78.8%
Mike Myers
76.3%
Kevin Costner
70%
Ashton Kutcher
66.3%
% Correct
Andrew Dice Clay
65%
George W. Bush
63.8%
Prince
62.5%
Roberto Benigni
51.3%
Neil Diamond
45%
Burt Reynolds
43.8%
Laurence Olivier
40%

You're not logged in!

Compare scores with friends on all Sporcle quizzes.
Join for Free
OR
Log In

You Might Also Like...

Show Comments

Extras

Top Quizzes Today


Score Distribution

Your Account Isn't Verified!

In order to create a playlist on Sporcle, you need to verify the email address you used during registration. Go to your Sporcle Settings to finish the process.

Report this User

Report this user for behavior that violates our Community Guidelines.

Details: